The school library at work : (Record no. 59456)
[ view plain ]
| 000 -LEADER | |
|---|---|
| fixed length control field | 00697nam a2200217 a 4500 |
| 001 - CONTROL NUMBER | |
| control field | 59456 |
| 003 - CONTROL NUMBER IDENTIFIER | |
| rucl marc code | BD-RjUL |
| 005 - DATE AND TIME OF LATEST TRANSACTION | |
| control field | 20211209080732.0 |
| 008 - FIXED-LENGTH DATA ELEMENTS--GENERAL INFORMATION | |
| fixed length control field | 161226r19641959nyua 000 0 eng |
| 035 ## - SYSTEM CONTROL NUMBER | |
| System control number | (BD-RjUL)59580 |
| 040 ## - CATALOGING SOURCE | |
| Original cataloging agency | DLC |
| Transcribing agency | DLC |
| Modifying agency | BD-RjUL |
| Language of cataloging | eng |
| 041 ## - LANGUAGE CODE | |
| Language code of text/sound track or separate title | eng |
| 082 00 - DEWEY DECIMAL CLASSIFICATION NUMBER | |
| Classification number | 027.82 |
| Edition number | 23 |
| Author mark and year | WOS 1964 |
| 100 1# - MAIN ENTRY--PERSONAL NAME | |
| Personal name | Wofford, Azile, |
| Dates associated with a name | 1896- |
| 9 (RLIN) | 176835 |
| 245 14 - TITLE STATEMENT | |
| Title | The school library at work : |
| Remainder of title | acquisition, organization, use, and maintenance of materials in the school library/ |
| 260 ## - PUBLICATION, DISTRIBUTION, ETC. (IMPRINT) | |
| Place of publication, distribution, etc. | New York : |
| Name of publisher, distributor, etc. | Wilson, |
| Date of publication, distribution, etc. | 1959.[Printed1964] |
| 300 ## - PHYSICAL DESCRIPTION | |
| Pagination | 256 p. : |
| Illustrations | illus. ; |
| Size | 24 cm. |
| 650 #0 - SUBJECT ADDED ENTRY--TOPICAL TERM | |
| Topical term or geographic name as entry element | School libraries |
| General subdivision | Collection development. |
| 9 (RLIN) | 176836 |
| 942 ## - ADDED ENTRY ELEMENTS (KOHA) | |
| Source of classification or shelving scheme | Dewey Decimal Classification |
| Koha item type | Books |
| Lost status | Source of classification or shelving scheme | Damaged status | Not for loan | Collection code | Permanent Location | Current Location | Shelving location | Date acquired | Source of acquisition | Total Checkouts | Full call number | Date last seen | Copy number | Koha item type |
|---|---|---|---|---|---|---|---|---|---|---|---|---|---|---|
| Dewey Decimal Classification | Not For Loan | Non-fiction | Central Library, University of Rajshahi | Central Library, University of Rajshahi | Reading Room | 13/01/2009 | USIS, Dhaka | 027.82 WOS 1964 | 26/12/2016 | C-1 | Books |